निराला : एक पुनर्मूल्यांकन (Record no. 8176)

MARC details
000 -LEADER
fixed length control field 01106 a2200217 4500
005 - DATE AND TIME OF LATEST TRANSACTION
control field 20080922145959.0
008 - FIXED-LENGTH DATA ELEMENTS--GENERAL INFORMATION
fixed length control field 080922t xxu||||| |||| 00| 0 hin d
010 ## - LCCN (DPL NO)
LC control number HIN-81320
020 ## - INTERNATIONAL STANDARD BOOK NUMBER
Terms of availability 200.00
International Standard Book Number 8176751715
035 ## - SYSTEM CONTROL NUMBER
System control number HN-53666
037 ## - SOURCE OF ACQUISITION
Source of stock number/acquisition D.B.Act / pub
082 ## - DEWEY DECIMAL CLASSIFICATION NUMBER
Classification number 821.08
245 ## - TITLE STATEMENT
Title निराला : एक पुनर्मूल्यांकन
Statement of responsibility, etc संपादक ए. अरविंदाक्षन
246 ## - VARYING FORM OF TITLE
Title proper/short title Nirala:ek Punarmulyankan
Remainder of title Ed by A. Arvindakshan
260 ## - PUBLICATION, DISTRIBUTION, ETC. (IMPRINT)
Place of publication, distribution, etc पंचकूला
Name of publisher, distributor, etc आधार प्रकाशन
Date of publication, distribution, etc 2006
270 ## - ADDRESS
Address एस.सी.एफ.267, सेक्टर-16
City पंचकूला (हरियाणा)
Postal code 134113
300 ## - PHYSICAL DESCRIPTION
Extent 180पृ
Dimensions 22 सेमी (सजिल्द)
700 ## - ADDED ENTRY--PERSONAL NAME
Personal name अरविंदाक्षन, ए.
942 ## - ADDED ENTRY ELEMENTS (KOHA)
Institution code [OBSOLETE] dpl
Item type Hindi Books
Call number prefix 821.08 / निराला
Source of classification or shelving scheme Dewey Decimal Classification
Classification part 821.08
Call number suffix निराला
Holdings
Withdrawn status Lost status Source of classification or shelving scheme Damaged status Not for loan Home library Current library Date acquired Cost, normal purchase price Total Checkouts Full call number Barcode Date last seen Copy number Cost, replacement price Koha item type
    Dewey Decimal Classification     D.B.Act.Division D.B.Act.Division 22/09/2008 200.00   821.08 निराला HN-53666 15/09/2008 1 200.00 Hindi Books

© Delhi Public Library
Hit Counter
free hit counter